[Event "Victoria de Giron Cup tt"]
[Site "Matanzas"]
[Date "2018.10.03"]
[Round "4.4"]
[White "Rodriguez Naranjo, Diosbel Manue"]
[Black "Gonzalez Lopez, Lazaro Miguel"]
[Result "0-1"]
[WhiteElo "1844"]
[BlackElo "1854"]
[PlyCount "76"]
[EventDate "2018.10.02"]
[EventType "team-tourn"]
[EventRounds "9"]
[EventCountry "CUB"]
[SourceTitle "EXT 2021"]
[Source "ChessBase"]
[SourceDate "2020.10.23"]
[SourceVersion "1"]
[SourceVersionDate "2020.10.23"]
[SourceQuality "1"]

1. d4 Nf6 2. c4 g6 3. Nc3 d5 4. cxd5 Nxd5 5. e4 Nxc3 6. bxc3 Bg7 7. Nf3 0-0 8. Be3 c5 9. Qd2 cxd4 10. cxd4 Nc6 11. Rc1 Bg4 12. d5 Ne5 13. Nxe5 Bxe5 14. h3 Bd7 15. Bc4 b5 16. Bb3 a5 17. 0-0 Rb8 18. f4 Bg7 19. e5 a4 20. Bc2 Bc8 21. Bc5 Re8 22. Rcd1 e6 23. d6 Bd7 24. Qb4 Qh4 25. Bf2 Qh5 26. Rd3 f5 27. exf6 Bxf6 28. g4 Qh6 29. Re1 Qf8 30. Bd4 Rbc8 31. Bxf6 Qxf6 32. Bb1 Rc4 33. Qd2 Rxf4 34. Rde3 Rf8 35. Qe2 Rf2 36. Qd3 Qf4 37. Rg3 Rd2 38. Rf3 Qh2+ 0-1

[Event "Villa Roja de Artemisa tt"]
[Site "Artemisa"]
[Date "2018.06.20"]
[Round "2.1"]
[White "Gonzalez Lopez, Lazaro Miguel"]
[Black "Hernandez Leon, Raudel"]
[Result "1-0"]
[WhiteElo "1860"]
[BlackElo "1926"]
[PlyCount "155"]
[EventDate "2018.06.20"]
[EventType "team-tourn"]
[EventRounds "9"]
[EventCountry "CUB"]
[SourceTitle "EXT 2021"]
[Source "ChessBase"]
[SourceDate "2020.10.23"]
[SourceVersion "1"]
[SourceVersionDate "2020.10.23"]
[SourceQuality "1"]

1. e4 e5 2. Nf3 Nc6 3. d4 exd4 4. Nxd4 Nf6 5. Nxc6 bxc6 6. e5 Qe7 7. Qe2 Nd5 8. c4 Ba6 9. b3 0-0-0 10. Ba3 Qg5 11. h4 Qf4 12. Bb2 Bb4+ 13. Nd2 Nc3 14. Bxc3 Bxc3 15. 0-0-0 Bxe5 16. Qe4 Qf6 17. c5 Bxf1 18. Rhxf1 Ba1 19. Nc4 Rhe8 20. Qg4 Re6 21. Rd2 Bc3 22. Rc2 Rde8 23. Rd1 Bb4 24. Nb2 Ba3 25. Kb1 Bxb2 26. Rxb2 Qg6+ 27. Qxg6 Rxg6 28. g3 d5 29. b4 a6 30. a3 Rge6 31. Rbd2 Kd7 32. Kc2 Rb8 33. Rd4 f5 34. Rf4 g6 35. h5 Re4 36. Rd4 Rbe8 37. hxg6 hxg6 38. g4 Rxd4 39. Rxd4 Re4 40. Kc3 Ke6 41. gxf5+ Kxf5 42. Rd3 Kf4 43. Kd2 a5 44. Rb3 a4 45. Rh3 Re7 46. Rh6 Rg7 47. Rh8 Kf3 48. Rf8+ Ke4 49. Rf6 Kd4 50. Rxc6 Kc4 51. Rf6 Kb3 52. Rf3+ Kc4 53. Rc3+ Kd4 54. Rd3+ Ke5 55. Re3+ Kf4 56. Re6 Kf3 57. Rf6+ Ke4 58. Ra6 Kf3 59. Rf6+ Ke4 60. Re6+ Kf3 61. b5 Kxf2 62. b6 cxb6 63. cxb6 g5 64. Rc6 Rb7 65. Rf6+ Kg3 66. Ke3 Kh4 67. Kd4 g4 68. Kxd5 Kg5 69. Rd6 g3 70. Kc6 g2 71. Rd1 Rf7 72. Rg1 Rf6+ 73. Kc7 Rf7+ 74. Kb8 Rf8+ 75. Ka7 Kf4 76. Rxg2 Ke5 77. b7 Kd5 78. b8Q 1-0

[Event "Artemisa Inder Anivers"]
[Site "Artemisa"]
[Date "2018.02.22"]
[Round "5.2"]
[White "Cruz Mendez, Jean Marcos"]
[Black "Gonzalez Lopez, Lazaro Miguel"]
[Result "0-1"]
[WhiteElo "1816"]
[BlackElo "1855"]
[PlyCount "58"]
[EventDate "2018.02.20"]
[EventType "team-tourn"]
[EventRounds "10"]
[EventCountry "CUB"]
[SourceTitle "EXT 2021"]
[Source "ChessBase"]
[SourceDate "2020.10.23"]
[SourceVersion "1"]
[SourceVersionDate "2020.10.23"]
[SourceQuality "1"]
[WhiteTeam "Mayabeque"]
[BlackTeam "Artemisa"]
[WhiteTeamCountry "CUB"]
[BlackTeamCountry "CUB"]

1. d4 Nf6 2. Nf3 g6 3. c4 d5 4. Nc3 Bg7 5. e3 0-0 6. b4 b6 7. Qb3 dxc4 8. Bxc4 e6 9. Ba3 Re8 10. 0-0 Bb7 11. Rfd1 Nd5 12. Rac1 Nxc3 13. Rxc3 Nd7 14. Rcd3 Bxf3 15. gxf3 b5 16. Bxe6 Rxe6 17. e4 Qg5+ 18. Kh1 Nb6 19. e5 Qh4 20. Qc2 Nd5 21. Rg1 Rd8 22. Rg4 Qe7 23. Qd2 Rc6 24. f4 Qe6 25. f3 Rc4 26. Qe1 c6 27. Rh4 Ne7 28. Bb2 Nf5 29. Rg4 Rc2 0-1